000 00416nam a22001697a 4500
005 20180810151459.0
008 160622b xxu||||| |||| 00| 0 eng d
020 _a81-7629-660-0
041 _aeng
082 _b9156
_a658.3124
100 _aBhatia, S.K.
_91956
245 _aTraining and Development:concept and practice
260 _bDeep and Deep
300 _a383p,
650 _aManagement
_9241
942 _cBK
999 _c3523
_d3522